000
00337nam a2200145 a 4500
008
010910s1976||||xx 0 und c
040
_a
SNK
_b
slo
_c
SNK
_e
AACR2
100
1
_a
Carulli - Carcassi
245
1
0
_a
Gitarová škola
260
_a
Bratislava
_b
Opus
_c
1976
300
_a
156 s.
020
_c
27
041
_a
slo
044
_a
xo
_c
SK
999
_c
15245
_d
15245